La evangelización de Costa Rica (1) (Registro nro. 52232)
[ vista simple ]
| 000 -LÍDER | |
|---|---|
| Campo fijo de descripción fija | 00942aab a2200193 i 4500 |
| 001 - NÚMERO DE CONTROL | |
| Campo de control | 768714001 |
| 003 - IDENTIFICADOR DEL NÚMERO DE CONTROL | |
| Campo de control | CO-MdFUSB |
| 005 - FECHA Y HORA DE LA ULTIMA TRANSACCIÓN | |
| control field | 20240422131052.0 |
| 008 - ELEMENTOS DE LONGITUD FIJA -- INFORMACIÓN GENERAL | |
| Campo fijo de descripción fija -- Información general | 221103s1997 ag ||||| |||| 00| 0 spa d |
| 040 ## - FUENTE DE CATALOGACIÓN | |
| Idioma de catalogación | spa |
| Agencia que realiza la transcripción | CO-MdFUSB |
| Agencia que realiza la modificación | CO-MdFUSB |
| 041 ## - CÓDIGO DE IDIOMA | |
| Código de idioma para texto/pista de sonido o título separado | spa |
| 100 1# - ASIENTO PRINCIPAL--NOMBRE PERSONAL | |
| Nombre personal | Rooy, Sidney |
| Término relacionador | autor |
| 245 13 - TÍTULO | |
| Título | La evangelización de Costa Rica (1) |
| Subtitulo | : antecedentes históricos |
| Mención de responsabilidad | / Sidney Rooy |
| 300 ## - DESCRIPCIÓN FÍSICA | |
| Extensión | Volumen 16, número 1 (enero - marzo, 1997), páginas: 20 - 22 |
| Dimensiones | ; 27 cm |
| 520 ## - NOTA DE RESUMEN, ETC. | |
| Nota de sumario, etc. | En otras regiones de América Central, los indígenas pertenecían al grupo mesoamericano, entre ellos, los mayas y los aztecas. Muchos de ellos fueron colonizados y cristianizados, es decir, los conquistadores los absorbieron o murieron como resultado del proceso civilizador. |
| 650 #0 - ASIENTO SECUNDARIO DE MATERIA - TERMINO TEMÁTICO | |
| 9 (RLIN) | 362 |
| Término temático o nombre geográfico como elemento de entrada | Evangelización |
| 773 0# - ASIENTO DE ITEM FUENTE | |
| Título | Iglesia y Misión |
| Biblionumber | 49402 |
| Itemnumber | 59638 |
| Parte(s) relacionada(s) / Volumen., número. (mes año), páginas | Volumen 16, número 1 (enero - marzo, 1997), páginas: 20 - 22 |
| Enumeración y primera página | Páginas: 20 |
| 942 ## - TIPO DE MATERIAL (KOHA) | |
| Tipo de Item KOHA | Artículos de Revista |
No hay ítems disponibles.
